00696 2200241 4500001002100000005001500021035002000036007000300056008004100059020002200100082001100122084001800133100001000151245008600161250001100247260003300258300003500291700000800326505008100334990001300415990001300428990001300441INLIS00000000000632020201221030251 a0010-1220000712ta201221 g 0 ind  a978-602-407-623-8 a631.58 a631.58 AND b0 aAndre1 aBuku Pintar Hidroponik :basal usul dan perkembangan hidroponik /cAndre Setiawan aCet. 1 aYogyakarta :bLaksana,c2019 a112 hlm. :bilus ;c14 x 20 cm0 aEdo amata pencaharian utama masyarakat indonesia adalah bertani (bercocok tanam). a76177617 a76177617 a76177617